[Event "WCO2014"]
[Site "Tromso"]
[Date "2014.08.09"]
[Round "7.10"]
[WhiteID "5021596"]
[White "Sethuraman S.P."]
[BlackID "12100196"]
[Black "Al-Sayed Mohammed"]
[Result "1-0"]
[LiveChessVersion "1.4.3"]
[BlackElo "2505"]
[WhiteElo "2590"]

1. e4 {[%clk 1:30:27]} c5 {[%clk 1:30:49]} 2. Nf3 {[%clk 1:30:49]} d6
{[%clk 1:31:03]} 3. d4 {[%clk 1:31:01]} cxd4 {[%clk 1:31:19]} 4. Nxd4
{[%clk 1:31:25]} Nf6 {[%clk 1:31:41]} 5. Nc3 {[%clk 1:31:50]} a6 {[%clk 1:31:54]}
6. Bg5 {[%clk 1:31:38]} Nbd7 {[%clk 1:31:54]} 7. Bc4 {[%clk 1:31:30]} Qb6
{[%clk 1:31:05]} 8. O-O {[%clk 1:29:35]} Qxb2 {[%clk 1:30:49]} 9. Nd5
{[%clk 1:29:59]} Nxd5 {[%clk 1:26:58]} 10. Rb1 {[%clk 1:30:13]} Qc3
{[%clk 1:25:00]} 11. Bxd5 {[%clk 1:30:38]} e6 {[%clk 1:10:42]} 12. Bxb7
{[%clk 1:29:22]} Bxb7 {[%clk 1:03:58]} 13. Rxb7 {[%clk 1:29:45]} Nc5
{[%clk 1:03:55]} 14. Rb6 {[%clk 1:29:46]} Nxe4 {[%clk 0:34:16]} 15. Be3
{[%clk 1:30:10]} Nf6 {[%clk 0:21:12]} 16. Qf3 {[%clk 0:59:09]} d5
{[%clk 0:16:21]} 17. Rfb1 {[%clk 0:55:07]} Be7 {[%clk 0:13:55]} 18. R6b3
{[%clk 0:21:55]} Qc4 {[%clk 0:11:55]} 19. Rb7 {[%clk 0:19:45]} Bd8
{[%clk 0:12:00]} 20. Nxe6 {[%clk 0:09:32]} fxe6 {[%clk 0:12:22]} 21. Qg3
{[%clk 0:09:58]} Rf8 {[%clk 0:05:20]} 22. Qxg7 {[%clk 0:07:34]} Rc8
{[%clk 0:00:33]} 23. Bh6 {[%clk 0:07:23]} Qc5 {[%clk 0:00:50]} 24. Re1
{[%clk 0:04:09]} Be7 {[%clk 0:00:33]} 25. Rxe6 {[%clk 0:03:37]} Nd7
{[%clk 0:00:32]} 26. Be3 {[%clk 0:03:30]} d4 {[%clk 0:00:32]} 27. Bg5
{[%clk 0:02:25]} Rf7 {[%clk 0:00:38]} 28. Bxe7 {[%clk 0:01:56]} Qf5
{[%clk 0:00:31]} 29. Qg8+ {[%clk 0:02:10]} Nf8 {[%clk 0:00:45]} 30. Bxf8+
{[%clk 0:02:23]} 1-0

[Event "WCO2014"]
[Site "Tromso"]
[Date "2014.08.09"]
[Round "7.11"]
[WhiteID "8600546"]
[White "Zhu Chen"]
[BlackID "5004985"]
[Black "Sasikiran Krishnan"]
[Result "0-1"]
[LiveChessVersion "1.4.3"]
[BlackElo "2669"]
[WhiteElo "2461"]

1. d4 {[%clk 1:30:57]} Nf6 {[%clk 1:30:52]} 2. c4 {[%clk 1:31:22]} e6
{[%clk 1:31:16]} 3. Nf3 {[%clk 1:31:48]} b6 {[%clk 1:31:39]} 4. g3
{[%clk 1:32:07]} Ba6 {[%clk 1:30:49]} 5. Qc2 {[%clk 1:32:09]} Bb7
{[%clk 1:20:38]} 6. Bg2 {[%clk 1:29:35]} Be4 {[%clk 1:20:54]} 7. Qa4
{[%clk 1:25:42]} Nc6 {[%clk 1:16:26]} 8. Nbd2 {[%clk 1:19:06]} Bb4
{[%clk 1:15:56]} 9. O-O {[%clk 1:18:47]} Bxd2 {[%clk 1:15:17]} 10. Bxd2
{[%clk 1:19:08]} O-O {[%clk 1:09:26]} 11. Bc3 {[%clk 1:17:29]} a6
{[%clk 1:02:07]} 12. Rfc1 {[%clk 1:05:39]} Re8 {[%clk 0:53:55]} 13. Bf1
{[%clk 0:58:06]} Rb8 {[%clk 0:50:05]} 14. Qd1 {[%clk 0:50:20]} b5
{[%clk 0:43:13]} 15. b3 {[%clk 0:47:42]} Ne7 {[%clk 0:31:55]} 16. Nd2
{[%clk 0:42:01]} bxc4 {[%clk 0:28:57]} 17. Nxc4 {[%clk 0:36:05]} Ba8
{[%clk 0:28:11]} 18. f3 {[%clk 0:31:17]} Nfd5 {[%clk 0:27:47]} 19. Bb2
{[%clk 0:20:03]} f5 {[%clk 0:27:36]} 20. Qd2 {[%clk 0:15:40]} Rf8
{[%clk 0:26:14]} 21. e3 {[%clk 0:12:54]} d6 {[%clk 0:23:57]} 22. Bg2
{[%clk 0:12:47]} Nf6 {[%clk 0:21:30]} 23. Re1 {[%clk 0:11:56]} Ng6
{[%clk 0:16:48]} 24. Rac1 {[%clk 0:11:40]} Rf7 {[%clk 0:16:06]} 25. Rc2
{[%clk 0:10:27]} h5 {[%clk 0:14:55]} 26. e4 {[%clk 0:06:43]} fxe4
{[%clk 0:11:59]} 27. fxe4 {[%clk 0:07:12]} Qd7 {[%clk 0:08:36]} 28. Qg5
{[%clk 0:06:50]} Nf8 {[%clk 0:07:23]} 29. d5 {[%clk 0:05:41]} N8h7
{[%clk 0:06:31]} 30. Qd2 {[%clk 0:05:11]} Re8 {[%clk 0:06:20]} 31. Rf1
{[%clk 0:00:34]} exd5 {[%clk 0:05:12]} 32. exd5 {[%clk 0:01:03]} Ne4
{[%clk 0:05:14]} 33. Qd4 {[%clk 0:00:45]} Rxf1+ {[%clk 0:04:54]} 34. Bxf1
{[%clk 0:01:14]} Nhf6 {[%clk 0:03:56]} 35. Ne3 {[%clk 0:01:26]} Qf7
{[%clk 0:03:01]} 36. Bg2 {[%clk 0:01:21]} Bb7 {[%clk 0:01:45]} 37. Rc1
{[%clk 0:00:31]} Bc8 {[%clk 0:01:24]} 38. Rf1 {[%clk 0:00:44]} Qe7
{[%clk 0:01:01]} 39. Nf5 {[%clk 0:00:44]} Bxf5 {[%clk 0:00:57]} 40. Rxf5
{[%clk 0:01:12]} Nc5 {[%clk 0:01:10]} 41. Bc3 {[%clk 0:22:47]} Ncd7
{[%clk 0:28:49]} 42. Bd2 {[%clk 0:15:50]} Ne5 {[%clk 0:17:02]} 43. Bg5
{[%clk 0:13:11]} Neg4 {[%clk 0:12:20]} 44. Qd2 {[%clk 0:03:00]} Qd7
{[%clk 0:11:10]} 45. Rf4 {[%clk 0:00:35]} Qb5 {[%clk 0:08:01]} 46. Rc4
{[%clk 0:00:57]} Qb6+ {[%clk 0:06:39]} 47. Qd4 {[%clk 0:01:09]} Re1+
{[%clk 0:05:33]} 48. Bf1 {[%clk 0:01:37]} Qb7 {[%clk 0:02:53]} 49. Rc1
{[%clk 0:01:06]} Ne5 {[%clk 0:02:43]} 50. Kf2 {[%clk 0:01:00]} Re4
{[%clk 0:02:09]} 51. Qd1 {[%clk 0:01:14]} Qb6+ {[%clk 0:01:24]} 52. Kg2
{[%clk 0:01:35]} Neg4 {[%clk 0:01:11]} 53. Qf3 {[%clk 0:01:11]} Qa5
{[%clk 0:00:50]} 54. Rc2 {[%clk 0:00:52]} Ne5 {[%clk 0:00:44]} 55. Qf5
{[%clk 0:00:33]} Qxd5 {[%clk 0:00:40]} 56. Qc8+ {[%clk 0:00:40]} Kh7
{[%clk 0:00:47]} 57. Qf5+ {[%clk 0:01:05]} Kh8 {[%clk 0:00:55]} 58. Kh3
{[%clk 0:01:15]} Nf3 {[%clk 0:00:43]} 59. Qxd5 {[%clk 0:00:50]} Nxd5
{[%clk 0:01:04]} 60. Bc1 {[%clk 0:00:52]} g5 {[%clk 0:00:51]} 61. Re2
{[%clk 0:00:59]} Ng1+ {[%clk 0:01:08]} 62. Kg2 {[%clk 0:00:00]} 0-1

[Event "WCO2014"]
[Site "Tromso"]
[Date "2014.08.09"]
[Round "7.34"]
[WhiteID "14101025"]
[White "Onischuk Alexander"]
[BlackID "14200236"]
[Black "Dzhumaev Marat"]
[Result "1-0"]
[LiveChessVersion "1.4.3"]
[BlackElo "2510"]
[WhiteElo "2659"]

1. d4 {[%clk 1:30:56]} Nf6 {[%clk 1:30:17]} 2. c4 {[%clk 1:31:07]} g6
{[%clk 1:28:43]} 3. Nc3 {[%clk 1:30:39]} Bg7 {[%clk 1:29:06]} 4. e4
{[%clk 1:30:41]} O-O {[%clk 1:29:27]} 5. Nf3 {[%clk 1:30:34]} c6 {[%clk 1:29:39]}
6. Be2 {[%clk 1:28:17]} d5 {[%clk 1:29:07]} 7. e5 {[%clk 1:28:10]} Ne4
{[%clk 1:29:29]} 8. O-O {[%clk 1:27:44]} Nxc3 {[%clk 1:28:54]} 9. bxc3
{[%clk 1:28:04]} Nd7 {[%clk 1:29:22]} 10. Re1 {[%clk 1:23:04]} Nb6
{[%clk 1:22:09]} 11. c5 {[%clk 1:19:21]} Nc4 {[%clk 1:22:18]} 12. Qa4
{[%clk 1:08:17]} Be6 {[%clk 1:04:34]} 13. Ng5 {[%clk 1:00:33]} Qd7
{[%clk 1:04:19]} 14. Nxe6 {[%clk 0:58:35]} Qxe6 {[%clk 1:04:42]} 15. Qd1
{[%clk 0:58:19]} Qd7 {[%clk 0:49:01]} 16. Rb1 {[%clk 0:51:18]} b6
{[%clk 0:46:12]} 17. cxb6 {[%clk 0:47:52]} axb6 {[%clk 0:44:25]} 18. a4
{[%clk 0:47:52]} Qa7 {[%clk 0:25:58]} 19. Bxc4 {[%clk 0:41:52]} dxc4
{[%clk 0:26:09]} 20. Rb4 {[%clk 0:39:28]} Qa6 {[%clk 0:26:28]} 21. Qe2
{[%clk 0:37:09]} b5 {[%clk 0:26:07]} 22. axb5 {[%clk 0:35:43]} cxb5
{[%clk 0:26:32]} 23. Bg5 {[%clk 0:34:08]} e6 {[%clk 0:16:33]} 24. Be7
{[%clk 0:31:20]} Rfb8 {[%clk 0:16:55]} 25. Reb1 {[%clk 0:29:52]} Bf8
{[%clk 0:17:15]} 26. Bxf8 {[%clk 0:29:36]} Kxf8 {[%clk 0:17:39]} 27. h4
{[%clk 0:24:33]} Qc6 {[%clk 0:13:52]} 28. h5 {[%clk 0:24:10]} gxh5
{[%clk 0:05:36]} 29. Qxh5 {[%clk 0:23:14]} Qe4 {[%clk 0:05:49]} 30. Qh6+
{[%clk 0:20:50]} Ke8 {[%clk 0:06:11]} 31. Qf6 {[%clk 0:20:19]} Qg6
{[%clk 0:01:46]} 32. Qf3 {[%clk 0:19:01]} Kf8 {[%clk 0:01:00]} 33. Rxb5
{[%clk 0:13:40]} Qxb1+ {[%clk 0:00:54]} 34. Rxb1 {[%clk 0:14:05]} Rxb1+
{[%clk 0:01:20]} 35. Kh2 {[%clk 0:14:32]} Ra5 {[%clk 0:00:33]} 36. Qf6
{[%clk 0:12:36]} Ke8 {[%clk 0:00:37]} 37. Qh8+ {[%clk 0:11:27]} Ke7
{[%clk 0:01:00]} 38. Qc8 {[%clk 0:11:45]} Ra2 {[%clk 0:00:39]} 39. Qc5+
{[%clk 0:08:34]} Ke8 {[%clk 0:00:51]} 40. Qxc4 {[%clk 0:08:50]} Rbb2
{[%clk 0:01:17]} 41. Qc8+ {[%clk 0:02:56]} Ke7 {[%clk 0:00:35]} 42. Qc5+
{[%clk 0:29:03]} Ke8 {[%clk 0:31:09]} 43. Qc6+ {[%clk 0:29:19]} Ke7
{[%clk 0:30:46]} 44. f4 {[%clk 0:24:36]} Rd2 {[%clk 0:26:53]} 45. Kh3
{[%clk 0:21:33]} h5 {[%clk 0:18:55]} 46. Qc5+ {[%clk 0:20:06]} Ke8
{[%clk 0:19:18]} 47. f5 {[%clk 0:19:42]} exf5 {[%clk 0:19:00]} 48. d5
{[%clk 0:19:50]} Kd7 {[%clk 0:09:05]} 49. Qd6+ {[%clk 0:19:17]} Ke8
{[%clk 0:09:19]} 50. Qb8+ {[%clk 0:19:31]} Kd7 {[%clk 0:09:08]} 51. Qb7+
{[%clk 0:19:51]} Ke8 {[%clk 0:09:32]} 52. Qc8+ {[%clk 0:20:16]} 1-0

[Event "WCO2014"]
[Site "Tromso"]
[Date "2014.08.09"]
[Round "7.33"]
[WhiteID "14201801"]
[White "Vakhidov Jahongir"]
[BlackID "2004887"]
[Black "Shankland Samuel L"]
[Result "0-1"]
[LiveChessVersion "1.4.3"]
[BlackElo "2624"]
[WhiteElo "2471"]

1. Nf3 {[%clk 1:30:43]} Nf6 {[%clk 1:30:48]} 2. d4 {[%clk 1:30:43]} d5
{[%clk 1:31:08]} 3. e3 {[%clk 1:30:48]} c6 {[%clk 1:26:25]} 4. c4
{[%clk 1:30:41]} Bf5 {[%clk 1:22:28]} 5. Nc3 {[%clk 1:30:35]} e6 {[%clk 1:22:55]}
6. Bd3 {[%clk 1:28:28]} Bg6 {[%clk 1:23:10]} 7. O-O {[%clk 1:27:32]} Nbd7
{[%clk 1:21:01]} 8. Ne5 {[%clk 1:27:27]} Bxd3 {[%clk 1:11:16]} 9. Qxd3
{[%clk 1:27:17]} Be7 {[%clk 1:11:01]} 10. f4 {[%clk 1:25:09]} O-O
{[%clk 1:08:58]} 11. b3 {[%clk 1:24:08]} Bb4 {[%clk 1:02:04]} 12. Bd2
{[%clk 1:23:22]} Bxc3 {[%clk 1:00:58]} 13. Bxc3 {[%clk 1:23:22]} Ne4
{[%clk 1:00:52]} 14. Bb4 {[%clk 1:23:16]} Re8 {[%clk 1:01:12]} 15. a4
{[%clk 1:20:07]} f5 {[%clk 0:56:23]} 16. a5 {[%clk 1:19:38]} a6 {[%clk 0:55:17]}
17. Nf3 {[%clk 1:01:26]} Ndf6 {[%clk 0:54:22]} 18. Rfc1 {[%clk 0:59:33]} h6
{[%clk 0:52:33]} 19. Ne5 {[%clk 0:57:11]} Nd7 {[%clk 0:49:41]} 20. Rc2
{[%clk 0:54:10]} Nxe5 {[%clk 0:47:15]} 21. dxe5 {[%clk 0:54:13]} dxc4
{[%clk 0:43:06]} 22. Qxc4 {[%clk 0:54:00]} Qd5 {[%clk 0:41:35]} 23. Qxd5
{[%clk 0:53:57]} exd5 {[%clk 0:41:49]} 24. h3 {[%clk 0:52:27]} h5
{[%clk 0:42:04]} 25. Ra4 {[%clk 0:50:30]} Kf7 {[%clk 0:41:29]} 26. Ba3
{[%clk 0:50:45]} Rad8 {[%clk 0:41:15]} 27. h4 {[%clk 0:43:58]} Re6
{[%clk 0:40:41]} 28. Rb4 {[%clk 0:43:53]} Rd7 {[%clk 0:41:06]} 29. Rb6
{[%clk 0:43:58]} Rg6 {[%clk 0:34:58]} 30. Bb2 {[%clk 0:41:55]} c5
{[%clk 0:31:43]} 31. Rc1 {[%clk 0:28:31]} Rxb6 {[%clk 0:26:06]} 32. axb6
{[%clk 0:28:58]} Ke6 {[%clk 0:26:27]} 33. Ba3 {[%clk 0:24:27]} d4
{[%clk 0:25:11]} 34. Bxc5 {[%clk 0:24:53]} d3 {[%clk 0:25:28]} 35. Bb4
{[%clk 0:20:30]} d2 {[%clk 0:23:49]} 36. Rd1 {[%clk 0:20:59]} Rd5
{[%clk 0:23:58]} 37. Bxd2 {[%clk 0:14:46]} Nxd2 {[%clk 0:24:07]} 38. Rc1
{[%clk 0:15:15]} Nxb3 {[%clk 0:24:10]} 39. Rc7 {[%clk 0:15:44]} Rd7
{[%clk 0:22:28]} 40. Rc3 {[%clk 0:16:00]} Nd2 {[%clk 0:20:40]} 41. Rc8
{[%clk 0:16:22]} Ne4 {[%clk 0:19:01]} 42. Re8+ {[%clk 0:16:46]} Re7
{[%clk 0:18:37]} 43. Rh8 {[%clk 0:17:12]} Kd5 {[%clk 0:17:15]} 44. Rxh5
{[%clk 0:17:23]} g6 {[%clk 0:16:18]} 45. Rh6 {[%clk 0:17:41]} Re6
{[%clk 0:16:09]} 46. h5 {[%clk 0:16:50]} gxh5 {[%clk 0:16:04]} 47. Rxh5
{[%clk 0:17:18]} Rxb6 {[%clk 0:16:22]} 48. g4 {[%clk 0:10:39]} fxg4
{[%clk 0:14:23]} 49. e6+ {[%clk 0:10:43]} Kd6 {[%clk 0:14:50]} 50. f5
{[%clk 0:07:59]} Rb1+ {[%clk 0:13:53]} 51. Kg2 {[%clk 0:08:19]} Rb2+
{[%clk 0:14:19]} 52. Kg1 {[%clk 0:08:44]} g3 {[%clk 0:14:32]} 0-1

[Event "WCO2014"]
[Site "Tromso"]
[Date "2014.08.09"]
[Round "7.5"]
[WhiteID "1118358"]
[White "Wojtaszek Radoslaw"]
[BlackID "930849"]
[Black "Predojevic Borki"]
[Result "1-0"]
[LiveChessVersion "1.4.3"]
[BlackElo "2604"]
[WhiteElo "2735"]

1. d4 {[%clk 1:30:58]} d6 {[%clk 1:30:40]} 2. Nf3 {[%clk 1:31:20]} g6
{[%clk 1:30:56]} 3. c4 {[%clk 1:31:34]} f5 {[%clk 1:30:40]} 4. Nc3
{[%clk 1:29:20]} Nf6 {[%clk 1:29:23]} 5. g3 {[%clk 1:29:31]} Bg7 {[%clk 1:29:44]}
6. Bg2 {[%clk 1:29:55]} O-O {[%clk 1:30:08]} 7. O-O {[%clk 1:30:17]} c6
{[%clk 1:29:59]} 8. Rb1 {[%clk 1:25:36]} a5 {[%clk 1:25:52]} 9. Qb3
{[%clk 1:25:54]} h6 {[%clk 1:23:40]} 10. Rd1 {[%clk 1:22:41]} Nbd7
{[%clk 1:12:01]} 11. Qc2 {[%clk 1:09:30]} Qe8 {[%clk 1:10:51]} 12. b3
{[%clk 0:59:24]} Qf7 {[%clk 1:06:14]} 13. Ba3 {[%clk 0:50:18]} Rb8
{[%clk 0:52:45]} 14. d5 {[%clk 0:48:43]} cxd5 {[%clk 0:51:01]} 15. Nxd5
{[%clk 0:39:13]} Nxd5 {[%clk 0:49:24]} 16. Rxd5 {[%clk 0:37:43]} b6
{[%clk 0:42:59]} 17. Rdd1 {[%clk 0:38:06]} f4 {[%clk 0:28:56]} 18. Bb2
{[%clk 0:34:15]} Nc5 {[%clk 0:28:13]} 19. Bxg7 {[%clk 0:34:15]} Bf5
{[%clk 0:28:00]} 20. Qb2 {[%clk 0:32:11]} Qxg7 {[%clk 0:28:22]} 21. Qxg7+
{[%clk 0:32:36]} Kxg7 {[%clk 0:28:45]} 22. Rbc1 {[%clk 0:33:00]} Bd7
{[%clk 0:21:00]} 23. Nd4 {[%clk 0:31:59]} Rf6 {[%clk 0:17:24]} 24. Bc6
{[%clk 0:32:19]} Be6 {[%clk 0:17:25]} 25. Rc3 {[%clk 0:29:55]} Rbf8
{[%clk 0:09:43]} 26. gxf4 {[%clk 0:21:55]} Rxf4 {[%clk 0:09:59]} 27. Re3
{[%clk 0:22:19]} Kf6 {[%clk 0:09:34]} 28. Nb5 {[%clk 0:20:04]} Rc8
{[%clk 0:03:39]} 29. Bg2 {[%clk 0:20:04]} Rf5 {[%clk 0:03:04]} 30. Nd4
{[%clk 0:14:31]} Re5 {[%clk 0:03:04]} 31. Rg3 {[%clk 0:14:56]} Rg5
{[%clk 0:02:52]} 32. Rf3+ {[%clk 0:10:16]} Bf5 {[%clk 0:03:08]} 33. h4
{[%clk 0:06:51]} Rh5 {[%clk 0:02:50]} 34. Bh3 {[%clk 0:06:43]} Rxh4
{[%clk 0:00:48]} 35. Nxf5 {[%clk 0:04:31]} gxf5 {[%clk 0:01:13]} 36. Rxf5+
{[%clk 0:04:42]} Kg6 {[%clk 0:01:34]} 37. Rf3 {[%clk 0:05:05]} Rg8
{[%clk 0:01:33]} 38. Kf1 {[%clk 0:04:47]} Kg7 {[%clk 0:01:07]} 39. e3
{[%clk 0:03:49]} Ne4 {[%clk 0:00:31]} 40. Bg2 {[%clk 0:03:49]} Nf6
{[%clk 0:31:00]} 1-0

[Event "WCO2014"]
[Site "Tromso"]
[Date "2014.08.09"]
[Round "7.6"]
[WhiteID "14400049"]
[White "Dizdarevic Emir"]
[BlackID "1116207"]
[Black "Gajewski Grzegorz"]
[Result "1/2-1/2"]
[LiveChessVersion "1.4.3"]
[BlackElo "2659"]
[WhiteElo "2522"]

1. Nf3 {[%clk 1:30:56]} d5 {[%clk 1:30:50]} 2. e3 {[%clk 1:30:33]} Nf6
{[%clk 1:31:13]} 3. c4 {[%clk 1:30:22]} e6 {[%clk 1:31:36]} 4. b3
{[%clk 1:27:52]} Bd6 {[%clk 1:31:58]} 5. d4 {[%clk 1:26:41]} O-O {[%clk 1:32:19]}
6. Be2 {[%clk 1:26:54]} b6 {[%clk 1:32:36]} 7. O-O {[%clk 1:27:02]} Bb7
{[%clk 1:33:00]} 8. Bb2 {[%clk 1:27:20]} Nbd7 {[%clk 1:31:24]} 9. Ne5
{[%clk 1:25:56]} Ne4 {[%clk 1:25:50]} 10. Nxd7 Qxd7 {[%clk 1:26:09]} 11. Nd2
{[%clk 1:14:30]} Rad8 {[%clk 1:24:55]} 12. Rc1 {[%clk 1:09:30]} Qe7
{[%clk 1:23:52]} 13. Nxe4 {[%clk 1:04:10]} dxe4 {[%clk 1:24:15]} 14. Qc2
{[%clk 1:04:20]} c5 {[%clk 1:10:12]} 15. dxc5 {[%clk 1:00:13]} Bxc5
{[%clk 1:04:24]} 16. Rcd1 {[%clk 0:59:45]} e5 {[%clk 0:58:39]} 17. Rxd8
{[%clk 0:55:45]} Rxd8 {[%clk 0:59:02]} 18. Rd1 {[%clk 0:56:06]} Rxd1+
{[%clk 0:58:41]} 19. Qxd1 {[%clk 0:56:27]} f5 {[%clk 0:58:03]} 20. Qd2
{[%clk 0:53:11]} f4 {[%clk 0:54:20]} 21. g3 {[%clk 0:51:06]} h5 {[%clk 0:51:24]}
22. Qc3 {[%clk 0:44:46]} f3 {[%clk 0:35:40]} 23. Bf1 {[%clk 0:44:16]} g5
{[%clk 0:34:27]} 24. Qxe5 {[%clk 0:39:52]} Qxe5 {[%clk 0:34:19]} 25. Bxe5
{[%clk 0:40:15]} Kf7 {[%clk 0:34:18]} 26. Bc3 {[%clk 0:36:57]} a5
{[%clk 0:34:32]} 27. Bd4 {[%clk 0:36:57]} Ke6 {[%clk 0:31:34]} 28. Bxc5
{[%clk 0:37:14]} bxc5 {[%clk 0:31:55]} 29. a4 {[%clk 0:37:37]} g4
{[%clk 0:29:31]} 30. h4 {[%clk 0:36:55]} Ke5 {[%clk 0:28:10]} 1/2-1/2

[Event "WCO2014"]
[Site "Tromso"]
[Date "2014.08.09"]
[Round "7.8"]
[WhiteID "14403803"]
[White "Kadric Denis"]
[BlackID "1107038"]
[Black "Socko Bartosz"]
[Result "1/2-1/2"]
[LiveChessVersion "1.4.3"]
[BlackElo "2612"]
[WhiteElo "2473"]

1. e4 {[%clk 1:30:52]} c5 {[%clk 1:30:47]} 2. Nc3 {[%clk 1:31:03]} Nc6
{[%clk 1:31:02]} 3. Nge2 {[%clk 1:31:28]} e6 {[%clk 1:31:00]} 4. d4
{[%clk 1:31:53]} cxd4 {[%clk 1:31:20]} 5. Nxd4 {[%clk 1:32:19]} a6
{[%clk 1:31:39]} 6. Be3 {[%clk 1:32:22]} Nf6 {[%clk 1:31:21]} 7. Qf3
{[%clk 1:30:46]} Bb4 {[%clk 1:28:49]} 8. O-O-O {[%clk 1:25:59]} Bxc3
{[%clk 1:24:42]} 9. bxc3 {[%clk 1:26:25]} Qa5 {[%clk 1:24:22]} 10. Kb2
{[%clk 1:24:07]} Ne5 {[%clk 1:02:08]} 11. Qg3 {[%clk 0:37:21]} Nxe4
{[%clk 1:00:56]} 12. Qxg7 {[%clk 0:37:49]} Rf8 {[%clk 0:58:13]} 13. Bd2
{[%clk 0:29:09]} d6 {[%clk 0:45:46]} 14. Be1 {[%clk 0:20:46]} Bd7
{[%clk 0:45:52]} 15. Nb3 {[%clk 0:16:24]} Qb6 {[%clk 0:43:43]} 16. f4
{[%clk 0:16:22]} Ng6 {[%clk 0:42:24]} 17. Bd3 {[%clk 0:15:42]} Nc5
{[%clk 0:41:34]} 18. Bxg6 {[%clk 0:15:03]} hxg6 {[%clk 0:40:47]} 19. Bh4
{[%clk 0:15:31]} Na4+ {[%clk 0:34:34]} 20. Ka1 {[%clk 0:14:02]} Qc7
{[%clk 0:32:35]} 21. Rd3 {[%clk 0:13:31]} Bb5 {[%clk 0:27:29]} 22. Re3
{[%clk 0:13:57]} Bc4 {[%clk 0:26:00]} 23. Qf6 {[%clk 0:10:46]} Nb6
{[%clk 0:14:30]} 24. Rhe1 {[%clk 0:08:50]} Nc8 {[%clk 0:13:56]} 25. Nd2
{[%clk 0:06:16]} Kd7 {[%clk 0:12:51]} 26. Qg7 {[%clk 0:03:05]} Ne7
{[%clk 0:11:32]} 27. g4 {[%clk 0:03:30]} Rae8 {[%clk 0:09:20]} 28. Qd4
{[%clk 0:02:35]} b5 {[%clk 0:08:17]} 29. Bxe7 {[%clk 0:02:31]} Rxe7
{[%clk 0:07:16]} 30. Nxc4 {[%clk 0:02:28]} bxc4 {[%clk 0:06:48]} 31. Rb1
{[%clk 0:02:47]} Ree8 {[%clk 0:05:59]} 32. Rb4 {[%clk 0:03:05]} Rb8
{[%clk 0:03:56]} 33. Qxc4 {[%clk 0:02:19]} Qxc4 {[%clk 0:03:24]} 34. Rxc4
{[%clk 0:02:47]} Rh8 {[%clk 0:02:33]} 35. h3 {[%clk 0:03:15]} f5 {[%clk 0:02:54]}
36. Rb4 {[%clk 0:02:03]} a5 {[%clk 0:03:00]} 37. Rb3 {[%clk 0:00:40]} a4
{[%clk 0:03:00]} 38. Rb4 {[%clk 0:00:41]} a3 {[%clk 0:03:23]} 39. gxf5
{[%clk 0:00:54]} gxf5 {[%clk 0:03:48]} 40. Kb1 {[%clk 0:01:14]} Rbg8
{[%clk 0:02:28]} 41. Kc1 {[%clk 0:25:30]} Rg1+ {[%clk 0:32:53]} 42. Kd2
{[%clk 0:25:57]} Ra1 {[%clk 0:32:42]} 43. Rb7+ {[%clk 0:25:57]} Kc6
{[%clk 0:33:04]} 44. Ra7 {[%clk 0:26:25]} Rxa2 {[%clk 0:33:24]} 45. Rxe6
{[%clk 0:26:36]} Rxh3 {[%clk 0:32:38]} 46. Ra6+ {[%clk 0:26:56]} Kc5
{[%clk 0:31:01]} 47. Rexd6 {[%clk 0:27:08]} Rh2+ {[%clk 0:31:21]} 48. Kd3
{[%clk 0:27:35]} Rh3+ {[%clk 0:31:42]} 49. Kd2 {[%clk 0:28:01]} 1/2-1/2

[Event "WCO2014"]
[Site "Tromso"]
[Date "2014.08.09"]
[Round "7.32"]
[WhiteID "13701525"]
[White "Ismagambetov Anuar"]
[BlackID "14100010"]
[Black "Ivanchuk Vassily"]
[Result "0-1"]
[LiveChessVersion "1.4.3"]
[BlackElo "2744"]
[WhiteElo "2531"]

1. e4 {[%clk 1:30:49]} c5 {[%clk 1:30:54]} 2. Nf3 {[%clk 1:30:45]} d6
{[%clk 1:31:20]} 3. d4 {[%clk 1:28:32]} cxd4 {[%clk 1:31:13]} 4. Nxd4
{[%clk 1:28:40]} Nf6 {[%clk 1:31:37]} 5. Nc3 {[%clk 1:29:03]} a6 {[%clk 1:32:03]}
6. Bg5 {[%clk 1:27:39]} e6 {[%clk 1:32:22]} 7. f4 {[%clk 1:28:00]} b5
{[%clk 1:32:43]} 8. a3 {[%clk 1:24:59]} Nbd7 {[%clk 1:11:44]} 9. Qe2
{[%clk 1:21:20]} Qb6 {[%clk 1:11:47]} 10. O-O-O {[%clk 1:20:07]} Bb7
{[%clk 1:11:54]} 11. f5 {[%clk 1:11:50]} e5 {[%clk 1:11:58]} 12. Nd5
{[%clk 1:11:05]} Nxd5 {[%clk 1:04:13]} 13. exd5 {[%clk 1:11:21]} h6
{[%clk 1:04:41]} 14. Bh4 {[%clk 1:08:03]} Be7 {[%clk 1:05:02]} 15. Bxe7
{[%clk 1:05:56]} Kxe7 {[%clk 1:05:23]} 16. g4 {[%clk 1:01:21]} Bxd5
{[%clk 0:56:21]} 17. f6+ {[%clk 1:01:02]} Nxf6 {[%clk 0:56:41]} 18. Nf5+
{[%clk 1:00:55]} Kf8 {[%clk 0:57:06]} 19. Bg2 {[%clk 0:59:09]} Bxg2
{[%clk 0:45:59]} 20. Qxg2 {[%clk 0:59:02]} d5 {[%clk 0:46:27]} 21. g5
{[%clk 0:54:42]} hxg5 {[%clk 0:45:59]} 22. Qxg5 {[%clk 0:55:05]} g6
{[%clk 0:44:49]} 23. Ng3 {[%clk 0:53:16]} Qe6 {[%clk 0:39:25]} 24. Rhf1
{[%clk 0:46:20]} Nh5 {[%clk 0:39:03]} 25. Ne2 {[%clk 0:45:26]} Kg7
{[%clk 0:32:23]} 26. Rde1 {[%clk 0:42:32]} f6 {[%clk 0:31:19]} 27. Qg2
{[%clk 0:36:29]} Qf7 {[%clk 0:31:02]} 28. Rf5 {[%clk 0:35:16]} Rac8
{[%clk 0:28:24]} 29. Kb1 {[%clk 0:34:30]} d4 {[%clk 0:26:53]} 30. Rg1
{[%clk 0:33:26]} Rh6 {[%clk 0:27:08]} 31. Qe4 {[%clk 0:24:11]} Rd8
{[%clk 0:17:58]} 32. Rf3 {[%clk 0:21:25]} Qd5 {[%clk 0:14:56]} 33. Qg4
{[%clk 0:21:34]} Qd7 {[%clk 0:12:49]} 34. Qe4 {[%clk 0:21:24]} Qd5
{[%clk 0:13:04]} 35. Qg4 {[%clk 0:21:48]} Qd7 {[%clk 0:13:31]} 36. Qe4
{[%clk 0:22:11]} Rc8 {[%clk 0:14:00]} 37. Qd3 {[%clk 0:15:14]} Qe6
{[%clk 0:12:31]} 38. Qd2 {[%clk 0:13:49]} Rhh8 {[%clk 0:10:52]} 39. Rf2
{[%clk 0:13:22]} Rhg8 {[%clk 0:10:58]} 40. Qe1 {[%clk 0:09:30]} Kf7
{[%clk 0:09:17]} 41. Rgf1 {[%clk 0:06:56]} Rh8 {[%clk 0:07:59]} 42. Qd2
{[%clk 0:04:10]} Kg7 {[%clk 0:07:38]} 43. Rg1 {[%clk 0:04:22]} Qc4
{[%clk 0:07:11]} 44. Rfg2 {[%clk 0:03:27]} Rh6 {[%clk 0:07:34]} 45. Rg4
{[%clk 0:03:33]} Re8 {[%clk 0:00:33]} 46. c3 {[%clk 0:30:50]} f5 {[%clk 0:26:28]}
47. Rg5 {[%clk 0:30:11]} d3 {[%clk 0:21:50]} 48. Nc1 {[%clk 0:29:35]} Nf4
{[%clk 0:20:26]} 49. R1g3 {[%clk 0:28:30]} Qe4 {[%clk 0:17:57]} 50. Ka2
{[%clk 0:23:29]} Rd8 {[%clk 0:17:03]} 51. h4 {[%clk 0:23:24]} Rxh4
{[%clk 0:12:01]} 52. Qf2 {[%clk 0:21:09]} d2 {[%clk 0:09:16]} 53. Qb6
{[%clk 0:18:57]} Qc4+ {[%clk 0:06:46]} 0-1